Makroekonómia (obsahové a metodické vypracovanie vysokoškolskej učebnice) záznam zo záverečnej oponentúry Správy o dosiahnutých výsledkoch za celú dobu riešenia projektu KEGA : doba riešenia 2004-2006
Gespeichert in:
| 1. Verfasser: | |
|---|---|
| Weitere Verfasser: | , , , , , , , , |
| Format: | Buch |
| Sprache: | Slowakisch |
| Veröffentlicht: |
Bratislava
2007
|
| Schlagworte: | |
| Tags: |
Keine Tags, Fügen Sie das erste Tag hinzu!
|
MARC
| LEADER | 00000nam$a2200000$$$4500 | ||
|---|---|---|---|
| 001 | 0116322 | ||
| 005 | 20241017085511.6 | ||
| 041 | 0 | |a slo | |
| 044 | |a SK | ||
| 245 | 1 | 0 | |a Makroekonómia (obsahové a metodické vypracovanie vysokoškolskej učebnice) |b záznam zo záverečnej oponentúry Správy o dosiahnutých výsledkoch za celú dobu riešenia projektu KEGA : doba riešenia 2004-2006 |c vedúca projektu: Judita Táncošová |
| 264 | 1 | |a Bratislava |c 2007 | |
| 300 | |a [36] s. | ||
| 610 | 2 | 0 | |a makroekonomika |
| 610 | 2 | 0 | |a vyučovanie |
| 610 | 2 | 0 | |a metodika |
| 100 | 1 | |a Táncošová, Judita | |
| 700 | 1 | |a Gonda, Vladimír | |
| 700 | 1 | |a Hontyová, Kajetána | |
| 700 | 1 | |a Lisý, Ján | |
| 700 | 1 | |a Čaplánová, Anetta, 1967- | |
| 700 | 1 | |a Martincová, Marta, 1955- | |
| 700 | 1 | |a Muchová, Eva, 1961- | |
| 700 | 1 | |a Piovarčiová, Veronika, 1951- | |
| 700 | 1 | |a Rozborilová, Dária | |
| 700 | 1 | |a Matoušková, Eleonóra, 1962- | |